Principles of auditing (Record no. 3590)
[ view plain ]
| 000 -LEADER | |
|---|---|
| fixed length control field | 00535nam a2200181 4500 |
| 005 - DATE AND TIME OF LATEST TRANSACTION | |
| control field | 20250901165419.0 |
| 008 - FIXED-LENGTH DATA ELEMENTS--GENERAL INFORMATION | |
| fixed length control field | 730328s1973 ilua b 001 0 eng |
| 010 ## - LIBRARY OF CONGRESS CONTROL NUMBER | |
| LC control number | 72090775 |
| 020 ## - INTERNATIONAL STANDARD BOOK NUMBER | |
| International Standard Book Number | 025601423X |
| 050 00 - LIBRARY OF CONGRESS CALL NUMBER | |
| Classification number | HF5667 .M43 1973 |
| Item number | .M43 1973 |
| 082 00 - DEWEY DECIMAL CLASSIFICATION NUMBER | |
| Classification number | 657/.45 |
| 100 1# - MAIN ENTRY--PERSONAL NAME | |
| Personal name | Meigs, Walter B. |
| 245 10 - TITLE STATEMENT | |
| Title | Principles of auditing |
| Statement of responsibility, etc. | [by] Walter B. Meigs, E. John Larsen [and] Robert F. Meigs. |
| 250 ## - EDITION STATEMENT | |
| Edition statement | 5th ed. |
| 260 ## - PUBLICATION, DISTRIBUTION, ETC. | |
| Place of publication, distribution, etc. | Homewood, Ill., |
| Name of publisher, distributor, etc. | R. D. Irwin, |
| Date of publication, distribution, etc. | 1973. |
| 300 ## - PHYSICAL DESCRIPTION | |
| Extent | xviii, 777 p. |
| Other physical details | illus. |
| Dimensions | 24 cm. |
| 942 ## - ADDED ENTRY ELEMENTS (KOHA) | |
| Source of classification or shelving scheme | Dewey Decimal Classification |
| Withdrawn status | Lost status | Source of classification or shelving scheme | Damaged status | Not for loan | Home library | Current library | Shelving location | Date acquired | Total checkouts | Full call number | Barcode | Date last seen | Date last checked out | Price effective from | Koha item type |
|---|---|---|---|---|---|---|---|---|---|---|---|---|---|---|---|
| Library of Congress Classification | Main Library | Main Library | 03/25/2021 | 2 | HF5667 .M43 1973 | PIU0008683 | 10/30/2024 | 10/22/2024 | 03/25/2021 | Books |